លក្ខណះជីវសាស្រ្ត និងការដំាដុះដើមច្រកែង, (Record no. 3570)
[ view plain ]
| 000 -LEADER | |
|---|---|
| fixed length control field | 00494nam a22001577a 4500 |
| 003 - CONTROL NUMBER IDENTIFIER | |
| control field | OSt |
| 005 - DATE AND TIME OF LATEST TRANSACTION | |
| control field | 20151118094604.0 |
| 008 - FIXED-LENGTH DATA ELEMENTS--GENERAL INFORMATION | |
| fixed length control field | 151118b xxu||||| |||| 00| 0 eng d |
| 040 ## - CATALOGING SOURCE | |
| Transcribing agency | RUA |
| 082 ## - DEWEY DECIMAL CLASSIFICATION NUMBER | |
| Classification number | FIS ហេង 1993 B153 Or.1 |
| 100 ## - MAIN ENTRY--PERSONAL NAME | |
| 9 (RLIN) | 3838 |
| Personal name | ហេង សាម័យ |
| 245 ## - TITLE STATEMENT | |
| Title | លក្ខណះជីវសាស្រ្ត និងការដំាដុះដើមច្រកែង, |
| 260 ## - PUBLICATION, DISTRIBUTION, ETC. (IMPRINT) | |
| Place of publication, distribution, etc. | Phnom Penh |
| Name of publisher, distributor, etc. | RUA |
| Date of publication, distribution, etc. | 1993 |
| 300 ## - PHYSICAL DESCRIPTION | |
| Extent | 57p. |
| Other physical details | ill. |
| Dimensions | 29cm. |
| 942 ## - ADDED ENTRY ELEMENTS (KOHA) | |
| Source of classification or shelving scheme | |
| Koha item type | FIS |
| Price effective from | Date last seen | Permanent Location | Not for loan | Date acquired | Source of classification or shelving scheme | Koha item type | Barcode | Lost status | Damaged status | Shelving location | Withdrawn status | Current Location | Full call number |
|---|---|---|---|---|---|---|---|---|---|---|---|---|---|
| 2015-11-18 | 2015-11-18 | Library Block B | 2015-11-18 | FIS | RUA010597 | B153 | Library Block B | FIS ហេង 1993 B153 Or.1 | |||||
| 2015-11-18 | 2015-11-18 | Library Block B | 2015-11-18 | FIS | RUA012739 | B153 | Library Block B | FIS ហេង 1993 B153 Or.2 | |||||
| 2015-11-18 | 2015-11-18 | Library Block B | 2015-11-18 | FIS | RUA012455 | B153 | Library Block B | FIS ហេង 1993 B153 Or.3 | |||||
| 2015-11-18 | 2015-11-18 | Library Block B | 2015-11-18 | FIS | RUA012205 | B153 | Library Block B | FIS ហេង 1993 B153 Or.4 | |||||
| 2015-11-18 | 2015-11-18 | Library Block B | 2015-11-18 | FIS | RUA012376 | B153 | Library Block B | FIS ហេង 1993 B153 Or.5 | |||||
| 2015-11-18 | 2015-11-18 | Library Block B | 2015-11-18 | FIS | RUA012669 | B153 | Library Block B | FIS ហេង 1993 B153 Or.6 | |||||
| 2015-11-18 | 2015-11-18 | Library Block B | 2015-11-18 | FIS | RUA012373 | B153 | Library Block B | FIS ហេង 1993 B153 Or.7 | |||||
| 2015-11-18 | 2015-11-18 | Library Block B | 2015-11-18 | FIS | RUA012378 | B153 | Library Block B | FIS ហេង 1993 B153 Or.8 | |||||
| 2015-11-18 | 2015-11-18 | Library Block B | 2015-11-18 | FIS | RUA012375 | B153 | Library Block B | FIS ហេង 1993 B153 Or.9 | |||||
| 2015-11-18 | 2015-11-18 | Library Block B | 2015-11-18 | FIS | RUA012303 | B153 | Library Block B | FIS ហេង 1993 B153 Or.10 | |||||
| 2015-11-18 | 2015-11-18 | Library Block B | 2015-11-18 | FIS | RUA012301 | B153 | Library Block B | FIS ហេង 1993 B153 Or.11 | |||||
| 2015-11-18 | 2015-11-18 | Library Block B | 2015-11-18 | FIS | RUA012374 | B153 | Library Block B | FIS ហេង 1993 B153 Or.12 | |||||
| 2015-11-18 | 2015-11-18 | Library Block B | 2015-11-18 | FIS | RUA012302 | B153 | Library Block B | FIS ហេង 1993 B153 Or.13 |